| Tag |
First Indicator |
Second Indicator |
Subfields |
| LEADER |
00000cam a2200000 4500 |
| 001 |
in00000044596 |
| 005 |
20151007073038.0 |
| 008 |
750807s1951 miua 00010 eng d |
| 010 |
|
|
|a 53063069
|
| 035 |
|
|
|a (OCoLC)01523252
|
| 035 |
|
|
|9 AAE9024AM
|
| 040 |
|
|
|a FQG
|c FQG
|d TXA
|d UtOrBLW
|
| 049 |
|
|
|a TXAM
|c [206165]
|
| 050 |
0 |
0 |
|a QH581
|b .D65
|
| 082 |
0 |
|
|a 576.3082
|
| 092 |
|
|
|a 576.3
|b D754s
|
| 100 |
1 |
|
|a Doyle, William L.
|q (William Lewis),
|d 1910-
|
| 245 |
1 |
0 |
|a Symposium on cytology /
|c by William L. Doyle, Hans Ris [and other.
|
| 264 |
|
1 |
|a Lansing, Mich. :
|b Michigan State College Press,
|c 1951]
|
| 300 |
|
|
|a viii, 69 pages :
|b illustrations
|
| 336 |
|
|
|a text
|b txt
|2 rdacontent
|
| 337 |
|
|
|a unmediated
|b n
|2 rdamedia
|
| 338 |
|
|
|a volume
|b nc
|2 rdacarrier
|
| 650 |
|
0 |
|a Cells.
|
| 999 |
|
|
|a MARS
|
| 999 |
f |
f |
|s 6ce011ad-e30e-3f0a-9bf0-1fbde300e49f
|i 599a6bc6-fa01-30b5-b447-f6f127c58ddb
|t 0
|
| 952 |
f |
f |
|p ric
|a Texas A&M University
|b Rellis Campus
|c Joint Library Facility
|d Remote Storage
|t 0
|e QH581 .D65
|h Library of Congress classification
|i unmediated -- volume
|m A14800980833
|
| 998 |
f |
f |
|a QH581 .D65
|t 0
|l Remote Storage
|